[Event "Chess24 Banter Blitz Cup"]
[Site "chess24.com INT"]
[Date "2020.01.05"]
[Round "2.1"]
[White "Amin, Bassem"]
[Black "Narayanan, S.L."]
[Result "1/2-1/2"]
[WhiteTitle "GM"]
[BlackTitle "GM"]
[WhiteElo "2699"]
[BlackElo "2611"]
[WhiteFideId "10601457"]
[BlackFideId "5058422"]
[EventDate "2019.09.25"]
[EventType "blitz"]

1. e4 c6 2. d4 d5 3. exd5 cxd5 4. c4 Nf6 5. Nc3 Nc6 6. Bg5 Be6 7. a3 g6 8. Bxf6
exf6 9. cxd5 Bxd5 10. Qe2+ Ne7 11. Nxd5 Qxd5 12. Qb5+ Kd8 13. Qxd5+ Nxd5 14. Bc4
Nf4 15. g3 Rc8 16. b3 Ne6 17. Nf3 Bd6 18. O-O Re8 19. Rfe1 Re7 20. h4 h5 21. Re2
Rcc7 22. Rae1 Bxa3 23. Ra1 Bb4 24. Rxa7 Bd6 25. Ra8+ Rc8 26. Ra5 Bc7 27. Rb5 b6
28. Ra2 Ng7 29. Kf1 Nf5 30. Rd5+ Nd6 31. Bb5 Re6 32. Nd2 Ke7 33. Nc4 Nxb5 34.
Rxb5 Re4 35. d5 Rd4 36. Ra7 Kf8 37. Nxb6 Bxb6 38. Rxb6 Kg7 39. Rbb7 Rf8 40. Rd7
Rb4 41. Rab7 Rxb7 42. Rxb7 Rd8 43. Rb5 f5 44. Ke2 Kf6 45. Kd3 Ke5 46. f4+ Kd6
47. Kd4 Re8 48. Rb6+ Kd7 49. Rb7+ Kd6 50. Rxf7 Re2 51. Rf6+ Kd7 52. Rxg6 Re4+
53. Kc5 Re3 54. Rg7+ Kd8 55. d6 Rxb3 56. Kd5 Re3 57. Kc6 Rc3+ 58. Kd5 Re3 59.
Rg8+ Kd7 60. Rg7+ Kd8 1/2-1/2

[Event "Chess24 Banter Blitz Cup"]
[Site "chess24.com INT"]
[Date "2020.01.05"]
[Round "2.2"]
[White "Narayanan, S.L."]
[Black "Amin, Bassem"]
[Result "1-0"]
[WhiteTitle "GM"]
[BlackTitle "GM"]
[WhiteElo "2611"]
[BlackElo "2699"]
[WhiteFideId "5058422"]
[BlackFideId "10601457"]
[EventDate "2019.09.25"]
[EventType "blitz"]

1. Nf3 Nf6 2. g3 g6 3. Bg2 Bg7 4. O-O O-O 5. d4 d6 6. Re1 Nbd7 7. e4 e5 8. c3
Re8 9. Nbd2 b6 10. a4 Bb7 11. d5 a5 12. b4 c6 13. dxc6 Bxc6 14. b5 Bb7 15. Ba3
d5 16. exd5 Bxd5 17. Ng5 Bxg2 18. Kxg2 Bf8 19. Qb3 Bxa3 20. Qxf7+ Kh8 21. Rxa3
Rf8 22. Qa2 Nc5 23. Nf7+ Rxf7 24. Qxf7 e4 25. Nc4 Nd3 26. Re2 Rc8 27. Qe6 Kg7
28. Nd6 Rc5 29. Nb7 Qc7 30. Nxc5 Qxc5 31. Ra1 Qxc3 32. Rd1 Qd4 33. Qe7+ Kh6 34.
Qf8+ Kh5 35. h3 Nf4+ 36. gxf4 Qxd1 37. Qxf6 1-0

[Event "Chess24 Banter Blitz Cup"]
[Site "chess24.com INT"]
[Date "2020.01.05"]
[Round "2.3"]
[White "Amin, Bassem"]
[Black "Narayanan, S.L."]
[Result "1/2-1/2"]
[WhiteTitle "GM"]
[BlackTitle "GM"]
[WhiteElo "2699"]
[BlackElo "2611"]
[WhiteFideId "10601457"]
[BlackFideId "5058422"]
[EventDate "2019.09.25"]
[EventType "blitz"]

1. e4 c6 2. d3 d5 3. Nd2 e5 4. Ngf3 Bd6 5. g3 Ne7 6. Bg2 O-O 7. O-O Bg4 8. h3
Bh5 9. Re1 Nd7 10. b3 Re8 11. Bb2 Qc7 12. d4 exd4 13. Bxd4 c5 14. Bb2 d4 15. Nc4
Nc6 16. c3 Nde5 17. cxd4 Nxc4 18. bxc4 cxd4 19. g4 Bg6 20. Nxd4 Rad8 21. Qa4 h5
22. Nf5 Be5 23. Bxe5 Nxe5 24. gxh5 Bxh5 25. Qxa7 g6 26. Ng3 Nf3+ 27. Bxf3 Bxf3
28. Qe3 Bh5 29. Nxh5 gxh5 30. Qg5+ Kf8 31. Qxh5 Rd6 32. Qh8+ Ke7 33. Qe5+ Kf8
34. Qh8+ Ke7 35. Qe5+ Kf8 36. Qh8+ 1/2-1/2

[Event "Chess24 Banter Blitz Cup"]
[Site "chess24.com INT"]
[Date "2020.01.05"]
[Round "2.4"]
[White "Narayanan, S.L."]
[Black "Amin, Bassem"]
[Result "0-1"]
[WhiteTitle "GM"]
[BlackTitle "GM"]
[WhiteElo "2611"]
[BlackElo "2699"]
[WhiteFideId "5058422"]
[BlackFideId "10601457"]
[EventDate "2019.09.25"]
[EventType "blitz"]

1. Nf3 Nf6 2. g3 g6 3. Bg2 Bg7 4. O-O O-O 5. d4 d6 6. c3 Nbd7 7. Re1 e5 8. e4 b6
9. Nbd2 Bb7 10. b3 d5 11. exd5 Nxd5 12. Bb2 exd4 13. Nxd4 c5 14. c4 cxd4 15.
cxd5 Nc5 16. Nf3 Bxd5 17. b4 Ne6 18. a4 Rc8 19. Rc1 Rxc1 20. Qxc1 Qd7 21. b5 Rc8
22. Qd2 Qb7 23. Nh4 Bxg2 24. Nxg2 Qd5 25. h4 h5 26. Nf4 Nxf4 27. Qxf4 d3 28.
Bxg7 Kxg7 29. Rd1 Rc4 30. Qe3 Rxa4 31. Qxd3 Qxd3 32. Rxd3 Ra5 33. Rd7 Kf6 34.
Kg2 Ke6 35. Rb7 Rxb5 36. Rxa7 Rf5 37. Rb7 b5 38. f3 Kd6 39. g4 Kc6 40. Rb8 Rd5
41. Kg3 Kc5 42. Rb7 f5 43. gxh5 gxh5 44. Kf4 b4 45. Kg5 f4+ 46. Kxf4 Kc4 47. Ke4
Rc5 48. f4 b3 49. f5 Rb5 50. Rc7+ Kb4 51. Rc1 b2 52. Rb1 Kc3 53. f6 Kc2 54. f7
Rb8 55. Rf1 Rf8 56. Rf2+ Kc3 57. Rf3+ Kb4 58. Rf1 Rxf7 59. Rg1 Kc3 60. Ke5 Kc2
61. Rg2+ Kb3 62. Rg3+ Ka2 63. Rg2 Ka1 0-1

[Event "Chess24 Banter Blitz Cup"]
[Site "chess24.com INT"]
[Date "2020.01.05"]
[Round "2.5"]
[White "Amin, Bassem"]
[Black "Narayanan, S.L."]
[Result "0-1"]
[WhiteTitle "GM"]
[BlackTitle "GM"]
[WhiteElo "2699"]
[BlackElo "2611"]
[WhiteFideId "10601457"]
[BlackFideId "5058422"]
[EventDate "2019.09.25"]
[EventType "blitz"]

1. e4 c6 2. d3 d5 3. Nd2 e5 4. Ngf3 Bd6 5. g3 Ne7 6. Bg2 O-O 7. O-O Bg4 8. h3
Bh5 9. b3 Nd7 10. Bb2 Qc7 11. Re1 Rfe8 12. d4 exd4 13. Bxd4 c5 14. Bb2 d4 15.
Nc4 Nc6 16. c3 Nde5 17. cxd4 Nxc4 18. bxc4 cxd4 19. g4 Bg6 20. Nxd4 Rad8 21. Qa4
h5 22. Nf5 Bh2+ 23. Kh1 hxg4 24. hxg4 Qf4 25. Qb3 Bxf5 26. exf5 Rxe1+ 27. Rxe1
Qxf2 28. Qe3 Qxe3 29. Rxe3 Bf4 30. Re1 Rd2 31. Bc1 Rd4 32. Bxf4 Rxf4 33. Re8+
Kh7 34. Bd5 f6 35. Re4 Rxe4 36. Bxe4 Ne5 37. c5 Nd7 38. Bxb7 Nxc5 39. Bc6 Kh6
40. Kg2 Kg5 41. Kf3 Nd3 42. Be4 Ne5+ 43. Kg3 Nxg4 0-1

[Event "Chess24 Banter Blitz Cup"]
[Site "chess24.com INT"]
[Date "2020.01.05"]
[Round "2.6"]
[White "Narayanan, S.L."]
[Black "Amin, Bassem"]
[Result "1/2-1/2"]
[WhiteTitle "GM"]
[BlackTitle "GM"]
[WhiteElo "2611"]
[BlackElo "2699"]
[WhiteFideId "5058422"]
[BlackFideId "10601457"]
[EventDate "2019.09.25"]
[EventType "blitz"]

1. e4 e5 2. Nf3 Nc6 3. Bb5 a6 4. Ba4 Nf6 5. Nc3 Be7 6. d3 d6 7. Bxc6+ bxc6 8. d4
exd4 9. Nxd4 Bd7 10. O-O c5 11. Nde2 O-O 12. Ng3 Re8 13. Re1 Bf8 14. Bg5 h6 15.
Bf4 Rb8 16. e5 Ng4 17. exd6 Rxe1+ 18. Qxe1 cxd6 19. b3 Qh4 20. h3 Re8 21. Qd2
Ne5 22. Nce4 d5 23. Nc3 d4 24. Nd5 Ng6 25. Bc7 Bc6 26. c4 dxc3 27. Nxc3 Rc8 28.
Ba5 Nf4 29. Nce4 Bxe4 30. Nxe4 Nxh3+ 31. gxh3 Qxe4 32. Re1 Qg6+ 33. Kh1 c4 34.
bxc4 Qc6+ 35. Kg1 Qxc4 36. Qd7 Rc5 37. Bd8 Rd5 38. Qe8 Qc8 39. Bb6 Qxh3 40. Be3
Rd6 41. Bf4 Rg6+ 42. Bg3 Rxg3+ 43. fxg3 Qxg3+ 44. Kf1 Qf3+ 45. Kg1 Qg3+ 46. Kf1
Qf3+ 47. Kg1 Qg3+ 1/2-1/2

[Event "Chess24 Banter Blitz Cup"]
[Site "chess24.com INT"]
[Date "2020.01.05"]
[Round "2.7"]
[White "Amin, Bassem"]
[Black "Narayanan, S.L."]
[Result "0-1"]
[WhiteTitle "GM"]
[BlackTitle "GM"]
[WhiteElo "2699"]
[BlackElo "2611"]
[WhiteFideId "10601457"]
[BlackFideId "5058422"]
[EventDate "2019.09.25"]
[EventType "blitz"]

1. Nf3 g6 2. e4 Bg7 3. d4 d6 4. c3 Nf6 5. Bd3 O-O 6. O-O Nc6 7. h3 e5 8. Re1 Nh5
9. Na3 exd4 10. cxd4 Nxd4 11. Nxd4 Bxd4 12. Be2 Qf6 13. Bf3 Bd7 14. Nc2 Bb6 15.
Ne3 Nf4 16. Ng4 Bxg4 17. hxg4 Ne6 18. Qd2 Rfe8 19. a4 a5 20. Ra3 Bc5 21. g5 Qe5
22. Rb3 Bb4 23. Rxb4 axb4 24. b3 Nd4 25. Bd1 c5 26. f4 Qe6 27. Qd3 d5 28. e5 Qf5
29. Qxf5 Nxf5 30. Bb2 c4 31. Kf2 c3 32. Bc1 Rad8 33. g4 Nd4 34. Ke3 Ne6 0-1

[Event "Chess24 Banter Blitz Cup"]
[Site "chess24.com INT"]
[Date "2020.01.05"]
[Round "2.8"]
[White "Narayanan, S.L."]
[Black "Amin, Bassem"]
[Result "1-0"]
[WhiteTitle "GM"]
[BlackTitle "GM"]
[WhiteElo "2611"]
[BlackElo "2699"]
[WhiteFideId "5058422"]
[BlackFideId "10601457"]
[EventDate "2019.09.25"]
[EventType "blitz"]

1. e4 e5 2. Nf3 Nc6 3. Bb5 a6 4. Ba4 Nf6 5. Nc3 Be7 6. Bxc6 dxc6 7. O-O Nd7 8.
d4 exd4 9. Qxd4 O-O 10. Bf4 Nc5 11. Qe3 Bg4 12. Rad1 Qc8 13. h3 Bh5 14. g4 Bg6
15. Bg3 Re8 16. Ne5 Bf8 17. Nxg6 hxg6 18. e5 Qe6 19. f4 Rad8 20. b3 b6 21. Kh2
a5 22. f5 gxf5 23. gxf5 Rxd1 24. Nxd1 Qd7 25. Nc3 Rd8 26. Rd1 Qe7 27. f6 gxf6
28. Rg1 Bg7 29. Bh4 Re8 30. Rxg7+ 1-0

[Event "Chess24 Banter Blitz Cup"]
[Site "chess24.com INT"]
[Date "2020.01.05"]
[Round "2.9"]
[White "Amin, Bassem"]
[Black "Narayanan, S.L."]
[Result "1-0"]
[WhiteTitle "GM"]
[BlackTitle "GM"]
[WhiteElo "2699"]
[BlackElo "2611"]
[WhiteFideId "10601457"]
[BlackFideId "5058422"]
[EventDate "2019.09.25"]
[EventType "blitz"]

1. Nf3 g6 2. g3 Bg7 3. Bg2 e5 4. O-O Nc6 5. e4 Nge7 6. c3 O-O 7. d4 d6 8. Re1
Bg4 9. d5 Nb8 10. h3 Bc8 11. c4 a5 12. Nc3 Na6 13. a3 Bd7 14. Be3 b6 15. Rb1 Nc5
16. b4 axb4 17. axb4 Na4 18. Nxa4 Rxa4 19. Qc2 f5 20. Ng5 f4 21. Bd2 fxg3 22.
fxg3 Qa8 23. c5 bxc5 24. bxc5 h6 25. c6 Bc8 26. Nf3 Bxh3 27. Bxh3 Rxf3 28. Re3
Ra2 29. Qb3 Qa7 30. Qb8+ Qxb8 31. Rxb8+ Rf8 32. Be6+ Kh7 33. Rxf8 Bxf8 34. Rf3
Bg7 35. Be3 Ra3 36. Kf2 Ra2+ 37. Ke1 Ra3 38. Ke2 Ra2+ 39. Bd2 Ng8 40. Rf7 Nf6
41. Kd3 Nxe4 42. Kxe4 Rxd2 43. Rxc7 Rd4+ 44. Ke3 Rc4 45. Rd7 e4 46. Rxd6 h5 47.
Rd7 Kh6 48. c7 Be5 49. d6 Rc3+ 50. Kxe4 Bxd6 51. Rxd6 Rxc7 52. Bf5 Kg5 53. Rxg6# 1-0

[Event "Chess24 Banter Blitz Cup"]
[Site "chess24.com INT"]
[Date "2020.01.05"]
[Round "2.10"]
[White "Narayanan, S.L."]
[Black "Amin, Bassem"]
[Result "0-1"]
[WhiteTitle "GM"]
[BlackTitle "GM"]
[WhiteElo "2611"]
[BlackElo "2699"]
[WhiteFideId "5058422"]
[BlackFideId "10601457"]
[EventDate "2019.09.25"]
[EventType "blitz"]

1. d4 Nf6 2. Nf3 g6 3. g3 Bg7 4. Bg2 O-O 5. O-O d6 6. a4 c6 7. a5 Qc7 8. Nc3 e5
9. dxe5 dxe5 10. e4 Na6 11. Qe2 Nd7 12. Be3 Ndc5 13. b4 Ne6 14. Qc4 Bd7 15. Rfd1
Rfd8 16. Rd3 Be8 17. Rad1 Rxd3 18. Rxd3 b5 19. axb6 axb6 20. Bh3 b5 21. Qb3 Qe7
22. Na2 Bd7 23. Kg2 h6 24. c4 Nd4 25. Bxd4 Bxh3+ 26. Kxh3 Qe6+ 27. Kg2 bxc4 28.
Qb2 cxd3 29. Be3 Qc4 30. Nd2 Qc2 31. Qa3 Nc7 0-1

[Event "Chess24 Banter Blitz Cup"]
[Site "chess24.com INT"]
[Date "2020.01.05"]
[Round "2.11"]
[White "Amin, Bassem"]
[Black "Narayanan, S.L."]
[Result "0-1"]
[WhiteTitle "GM"]
[BlackTitle "GM"]
[WhiteElo "2699"]
[BlackElo "2611"]
[WhiteFideId "10601457"]
[BlackFideId "5058422"]
[EventDate "2019.09.25"]
[EventType "blitz"]

1. Nf3 d5 2. g3 g6 3. Bg2 Bg7 4. O-O Nf6 5. d3 O-O 6. Nbd2 Nc6 7. e4 e5 8. c3 a5
9. a4 Re8 10. exd5 Nxd5 11. Re1 h6 12. Nc4 Bf5 13. Nh4 Be6 14. Nf3 Bf5 15. Nh4
Be6 16. Qc2 Qd7 17. Nf3 Bf5 18. Nh4 Bg4 19. Qb3 Be6 20. Nf3 Nb6 21. Qb5 Nxc4 22.
dxc4 f5 23. Be3 e4 24. Rad1 Qe7 25. Nd4 Nxd4 26. cxd4 c6 27. Qb3 Red8 28. d5
cxd5 29. cxd5 Bf7 30. Bf1 Qb4 31. Bc4 Qxb3 32. Bxb3 Rd7 33. Bc4 Bxb2 34. Bxh6
Rc8 35. Ba2 Ba3 36. Bd2 Rc2 37. Bb3 Rb2 38. Bc4 Bc5 39. Re2 Bxd5 40. Bb5 Bc6 41.
Bc4+ Kh7 42. Kf1 Bxa4 43. Ra1 Rdxd2 44. Rxa4 Rxe2 45. Bxe2 Bb4 0-1

[Event "Chess24 Banter Blitz Cup"]
[Site "chess24.com INT"]
[Date "2020.01.05"]
[Round "2.12"]
[White "Narayanan, S.L."]
[Black "Amin, Bassem"]
[Result "1-0"]
[WhiteTitle "GM"]
[BlackTitle "GM"]
[WhiteElo "2611"]
[BlackElo "2699"]
[WhiteFideId "5058422"]
[BlackFideId "10601457"]
[EventDate "2019.09.25"]
[EventType "blitz"]

1. Nf3 f5 2. d3 d6 3. e4 e5 4. Nc3 Nf6 5. exf5 Nc6 6. d4 e4 7. Ng5 d5 8. Bb5
Bxf5 9. f3 Bb4 10. fxe4 Nxe4 11. O-O O-O 12. Ncxe4 Bxe4 13. c3 Be7 14. Nxe4 dxe4
15. Qb3+ Kh8 16. Be3 Bd6 17. Rxf8+ Qxf8 18. Rf1 Qe7 19. Qd5 Qh4 20. h3 Qg3 21.
Qxe4 Qh2+ 22. Kf2 Ne7 23. Bd3 Ng6 24. Ke2 c6 25. Rf5 Rf8 26. Rh5 Rf6 27. Bg5 Re6
28. Qxe6 Qxg2+ 29. Kd1 Qf3+ 30. Qe2 1-0

[Event "Chess24 Banter Blitz Cup"]
[Site "chess24.com INT"]
[Date "2020.01.05"]
[Round "2.13"]
[White "Amin, Bassem"]
[Black "Narayanan, S.L."]
[Result "0-1"]
[WhiteTitle "GM"]
[BlackTitle "GM"]
[WhiteElo "2699"]
[BlackElo "2611"]
[WhiteFideId "10601457"]
[BlackFideId "5058422"]
[EventDate "2019.09.25"]
[EventType "blitz"]

1. e4 c6 2. d3 d5 3. Nd2 e5 4. Ngf3 Bd6 5. g3 Ne7 6. Bg2 O-O 7. O-O Bg4 8. h3
Bh5 9. b3 Nd7 10. Bb2 Qc7 11. Re1 Rfe8 12. c3 Rad8 13. Qc2 h6 14. Nh4 Nf6 15. b4
a5 16. a3 b5 17. Nb3 a4 18. Nd2 c5 19. bxc5 Bxc5 20. Rac1 dxe4 21. Nxe4 Nxe4 22.
Bxe4 Qd7 23. d4 exd4 24. cxd4 Bxd4 25. g4 Bxb2 26. Qxb2 Bg6 27. Bxg6 Nxg6 28.
Nf5 f6 29. Red1 Qxd1+ 30. Rxd1 Rxd1+ 31. Kg2 Nf4+ 32. Kf3 Rd3+ 33. Ne3 Nd5 34.
Qxb5 Rdxe3+ 35. fxe3 Rxe3+ 36. Kf2 Re5 37. Qxa4 h5 38. gxh5 Kf7 39. Qd7+ Ne7 40.
Qg4 Rg5 41. Qc4+ Ke8 42. a4 Rxh5 43. Qc3 Rf5+ 44. Kg2 Kd7 45. a5 Nd5 46. Qd3 Kc6
47. a6 Nf4+ 0-1

[Event "Chess24 Banter Blitz Cup"]
[Site "chess24.com INT"]
[Date "2020.01.04"]
[Round "2.1"]
[White "Kovalenko, Igor"]
[Black "Neiksans, Arturs"]
[Result "1-0"]
[WhiteTitle "GM"]
[BlackTitle "GM"]
[WhiteElo "2674"]
[BlackElo "2570"]
[WhiteFideId "14117908"]
[BlackFideId "11601388"]
[EventDate "2019.09.25"]
[EventType "blitz"]

1. d4 Nf6 2. Nf3 e6 3. e3 b6 4. Bd3 Bb7 5. O-O d5 6. a4 c5 7. b3 Nc6 8. Ne5 Bd6
9. f4 O-O 10. Bb2 cxd4 11. exd4 Nb4 12. Nc3 Rc8 13. Nb5 Nxd3 14. cxd3 Bb8 15.
Ba3 Re8 16. Rc1 a6 17. Nc3 Bd6 18. Bxd6 Qxd6 19. Ne2 Rc7 20. Rxc7 Qxc7 21. Qd2
Nd7 22. Rc1 Qd6 23. b4 Nb8 24. a5 f6 25. Nf3 Nc6 26. Rb1 b5 27. Qc3 Rc8 28. Qc5
Qd8 29. Qb6 Qxb6 30. axb6 Kf8 31. g4 Ke7 32. f5 Kd6 33. fxe6 Kxe6 34. Nf4+ Kd6
35. Kf2 Nd8 36. Nh5 Rc3 37. Ke3 Ne6 38. h4 Rc6 39. g5 fxg5 40. hxg5 Rxb6 41. Ne5
Bc8 42. Nf7+ Ke7 43. Ne5 Bd7 44. Rf1 Be8 45. Nf4 Nxg5 46. Nxd5+ Kd6 47. Nxb6 Bc6
48. Nc8+ Kc7 49. Rf8 Bd5 50. Rh8 Ne6 51. Ne7 Kd6 52. Nf5+ Kc7 53. Rxh7 Bc6 54.
Nxg7 Ng5 55. Ne6+ Kd6 56. Nxg5 1-0

[Event "Chess24 Banter Blitz Cup"]
[Site "chess24.com INT"]
[Date "2020.01.04"]
[Round "2.2"]
[White "Neiksans, Arturs"]
[Black "Kovalenko, Igor"]
[Result "0-1"]
[WhiteTitle "GM"]
[BlackTitle "GM"]
[WhiteElo "2570"]
[BlackElo "2674"]
[WhiteFideId "11601388"]
[BlackFideId "14117908"]
[EventDate "2019.09.25"]
[EventType "blitz"]

1. e4 c5 2. Nf3 e6 3. g3 Nc6 4. Bg2 Nf6 5. Nc3 Be7 6. O-O O-O 7. d4 cxd4 8. Nxd4
a6 9. Re1 d6 10. a4 Bd7 11. b3 Rc8 12. Bb2 Qa5 13. Nce2 h5 14. c4 h4 15. Bc3 Qh5
16. Nxc6 Bxc6 17. Nd4 Qh6 18. Nxc6 bxc6 19. e5 dxe5 20. Bxe5 hxg3 21. hxg3 Bb4
22. Rf1 Rfd8 23. Qf3 a5 24. Rad1 c5 25. Bf4 Qg6 26. Qe2 Bc3 27. Bf3 Qf5 28. Kg2
e5 29. Bc1 e4 30. Be3 exf3+ 31. Qxf3 Qxf3+ 32. Kxf3 Bb4 33. Bf4 Kf8 34. g4 Bc3
35. g5 Ne8 36. Rd5 Bd4 37. Re1 Rxd5 38. cxd5 Rd8 39. d6 Nxd6 40. Rd1 Ke7 41. Be3
Bxe3 42. fxe3 Rb8 43. Rd3 Rb4 44. Rc3 c4 45. bxc4 Rxc4 46. Rb3 Rxa4 47. Rb6 Ke6
48. Ra6 Ra1 49. Ra7 g6 0-1

[Event "Chess24 Banter Blitz Cup"]
[Site "chess24.com INT"]
[Date "2020.01.04"]
[Round "2.3"]
[White "Kovalenko, Igor"]
[Black "Neiksans, Arturs"]
[Result "0-1"]
[WhiteTitle "GM"]
[BlackTitle "GM"]
[WhiteElo "2674"]
[BlackElo "2570"]
[WhiteFideId "14117908"]
[BlackFideId "11601388"]
[EventDate "2019.09.25"]
[EventType "blitz"]

1. e4 e5 2. Nf3 Nc6 3. Bb5 a6 4. Ba4 Nf6 5. O-O Be7 6. d3 b5 7. Bb3 d6 8. Bd2
O-O 9. Re1 Be6 10. Bxe6 fxe6 11. a4 b4 12. c3 Rb8 13. cxb4 d5 14. b5 axb5 15.
Qc2 Qd7 16. Rc1 dxe4 17. dxe4 Nd4 18. Nxd4 exd4 19. axb5 Bd6 20. f3 Rxb5 21. Qc6
Qxc6 22. Rxc6 Rxb2 23. Bc1 Re2 24. Kf1 d3 25. Nc3 Rc2 26. Ba3 Nxe4 27. Nxe4 Rxc6
28. Bxd6 cxd6 29. Rd1 d5 30. Nf2 Rfc8 31. Nxd3 Rc2 32. h4 Kf8 33. Kg1 Ke7 34.
Kh2 Kd6 35. Kg3 R8c3 36. Nf4 Rb2 37. Nh5 Rcc2 38. Rg1 g6 39. Nf6 h5 40. Nh7 e5
41. Nf8 d4 42. Nxg6 d3 43. Nh8 Kd5 44. Nf7 Re2 45. Ng5 d2 46. Ne4 Re1 47. Kh2
Rxg1 48. Kxg1 d1=Q+ 0-1

[Event "Chess24 Banter Blitz Cup"]
[Site "chess24.com INT"]
[Date "2020.01.04"]
[Round "2.4"]
[White "Neiksans, Arturs"]
[Black "Kovalenko, Igor"]
[Result "1/2-1/2"]
[WhiteTitle "GM"]
[BlackTitle "GM"]
[WhiteElo "2570"]
[BlackElo "2674"]
[WhiteFideId "11601388"]
[BlackFideId "14117908"]
[EventDate "2019.09.25"]
[EventType "blitz"]

1. e4 d5 2. exd5 Qxd5 3. Nf3 Bg4 4. Be2 Nc6 5. h3 Bxf3 6. Bxf3 Qe5+ 7. Qe2 Qxe2+
8. Bxe2 Nd4 9. Bd1 e5 10. Nc3 O-O-O 11. d3 Ne7 12. Be3 Nec6 13. O-O f5 14. Ne2
Ne6 15. f4 g6 16. fxe5 Nxe5 17. Nf4 Bc5 18. Bxc5 Nxc5 19. Be2 Na4 20. Rab1 Rhe8
21. Rfe1 Nc6 22. c3 Re7 23. Kf2 Rde8 24. d4 Nb8 25. Nd3 Nd7 26. Bf3 c6 27. Rxe7
Rxe7 28. Bd1 Nab6 29. Bb3 Nf6 30. Re1 Rxe1 31. Kxe1 Kc7 32. Nc5 Nbd7 33. Nd3 Kd6
34. Ke2 g5 35. Kf3 h6 36. Nf2 c5 37. Nd1 cxd4 38. cxd4 f4 39. g3 fxg3 40. Ne3 h5
41. Nf5+ Kc6 42. Nxg3 b5 43. Ne4 g4+ 44. hxg4 hxg4+ 45. Kf4 Nxe4 46. Kxe4 Nb6
47. Kf4 Nc4 48. Kxg4 Nxb2 49. Kf4 Nd3+ 50. Ke3 Nb4 51. Kd2 Na6 52. Kc3 Nc7 53.
Kd3 a5 54. a3 Kd6 55. Kc3 Nd5+ 56. Kd3 Nb6 57. Kc3 b4+ 58. axb4 axb4+ 59. Kxb4
Nd5+ 60. Bxd5 Kxd5 61. Kc3 Kd6 62. d5 Kxd5 1/2-1/2

[Event "Chess24 Banter Blitz Cup"]
[Site "chess24.com INT"]
[Date "2020.01.04"]
[Round "2.5"]
[White "Kovalenko, Igor"]
[Black "Neiksans, Arturs"]
[Result "1/2-1/2"]
[WhiteTitle "GM"]
[BlackTitle "GM"]
[WhiteElo "2674"]
[BlackElo "2570"]
[WhiteFideId "14117908"]
[BlackFideId "11601388"]
[EventDate "2019.09.25"]
[EventType "blitz"]

1. d4 Nf6 2. Bg5 e6 3. Nd2 h6 4. Bh4 d6 5. e4 e5 6. dxe5 dxe5 7. Ngf3 Nbd7 8.
Nc4 g5 9. Bg3 Nxe4 10. Bxe5 Nxe5 11. Qxd8+ Kxd8 12. Nfxe5 Be6 13. f3 Nd6 14.
O-O-O Ke8 15. Na5 Bg7 16. Nec4 Ke7 17. Nxd6 cxd6 18. Bc4 Rac8 19. Rhe1 Be5 20.
Bxe6 fxe6 21. h3 b6 22. Nb3 Rc4 23. Nd2 Rc6 24. Kb1 Rhc8 25. c3 Bf4 26. Ne4 d5
27. Nf2 Bg3 28. Re2 Bxf2 29. Rxf2 Rf8 30. Re2 Rf6 31. Rxd5 Rd6 32. Rxd6 Kxd6 33.
Kc2 h5 34. Re4 Rf5 35. c4 a5 36. b3 Kd7 37. Kc3 Kd6 38. a3 Rf8 39. b4 axb4+ 40.
axb4 Ra8 41. Rd4+ Kc6 42. Rd2 Ra1 43. Kd4 Re1 44. Rc2 e5+ 45. Kd3 Rb1 46. Ke4
Rxb4 47. Kxe5 Kc5 48. g4 hxg4 49. hxg4 Rxc4 50. Rxc4+ Kxc4 51. f4 gxf4 52. Kxf4
Kd5 53. Kf5 Kd6 54. Kf6 b5 55. g5 b4 56. g6 b3 57. g7 b2 58. g8=Q b1=Q 59. Qd8+
Kc6 1/2-1/2

[Event "Chess24 Banter Blitz Cup"]
[Site "chess24.com INT"]
[Date "2020.01.04"]
[Round "2.6"]
[White "Neiksans, Arturs"]
[Black "Kovalenko, Igor"]
[Result "0-1"]
[WhiteTitle "GM"]
[BlackTitle "GM"]
[WhiteElo "2570"]
[BlackElo "2674"]
[WhiteFideId "11601388"]
[BlackFideId "14117908"]
[EventDate "2019.09.25"]
[EventType "blitz"]

1. e4 c5 2. Nf3 Nc6 3. Bb5 Na5 4. O-O a6 5. Be2 e6 6. c3 Nf6 7. e5 Nd5 8. d4
cxd4 9. cxd4 b5 10. Nc3 Nxc3 11. bxc3 Bb7 12. a4 Bc6 13. axb5 axb5 14. Ng5 Be7
15. f4 O-O 16. Bd3 h6 17. Nh3 Nc4 18. Rxa8 Qxa8 19. Qg4 Be4 20. Bxe4 Qxe4 21.
Qg3 f5 22. exf6 Rxf6 23. Nf2 Qd5 24. Ng4 Rg6 25. f5 exf5 26. Nxh6+ Kh7 27. Rxf5
Qe4 28. Rf4 Qc2 29. Ng4 Qxc1+ 30. Rf1 Qg5 31. Qh3+ Kg8 32. Nf2 Ne3 33. Ne4 Qxg2+
34. Qxg2 Rxg2+ 35. Kh1 Rxh2+ 36. Kxh2 Nxf1+ 0-1

[Event "Chess24 Banter Blitz Cup"]
[Site "chess24.com INT"]
[Date "2020.01.04"]
[Round "2.7"]
[White "Kovalenko, Igor"]
[Black "Neiksans, Arturs"]
[Result "0-1"]
[WhiteTitle "GM"]
[BlackTitle "GM"]
[WhiteElo "2674"]
[BlackElo "2570"]
[WhiteFideId "14117908"]
[BlackFideId "11601388"]
[EventDate "2019.09.25"]
[EventType "blitz"]

1. d4 Nf6 2. Bg5 e6 3. Nd2 h6 4. Bh4 d6 5. e4 Nbd7 6. f3 Be7 7. Bd3 Nf8 8. Ne2
Ng6 9. Bf2 e5 10. d5 Nh5 11. g3 Nf6 12. c4 c6 13. b4 O-O 14. h4 Bd7 15. Be3 Ne8
16. Nc3 Nc7 17. a3 cxd5 18. cxd5 f5 19. exf5 Bxf5 20. Bxf5 Rxf5 21. Qc2 Qd7 22.
O-O-O Rc8 23. Kb1 Nb5 0-1

[Event "Chess24 Banter Blitz Cup"]
[Site "chess24.com INT"]
[Date "2020.01.04"]
[Round "2.8"]
[White "Neiksans, Arturs"]
[Black "Kovalenko, Igor"]
[Result "1-0"]
[WhiteTitle "GM"]
[BlackTitle "GM"]
[WhiteElo "2570"]
[BlackElo "2674"]
[WhiteFideId "11601388"]
[BlackFideId "14117908"]
[EventDate "2019.09.25"]
[EventType "blitz"]

1. b3 a5 2. a4 d5 3. Bb2 c6 4. Nf3 Nf6 5. d3 Bg4 6. Ne5 Bf5 7. Nd2 e6 8. g3 Bb4
9. Bg2 O-O 10. O-O Nbd7 11. Ndf3 Nxe5 12. Nxe5 h6 13. e3 Bh7 14. Qe2 Nd7 15. f4
f6 16. Nf3 Qe7 17. e4 Rae8 18. e5 f5 19. Kh1 g5 20. fxg5 hxg5 21. Bc1 g4 22. Nh4
Bc3 23. Ba3 c5 24. Rad1 Bxe5 25. d4 Bxd4 26. Rxd4 Qg7 27. Rd2 b6 28. Rb1 d4 29.
Bb2 e5 30. Rf1 f4 31. gxf4 exf4 32. Qc4+ Kh8 33. Rdf2 Ne5 34. Qd5 f3 35. Nxf3
gxf3 36. Bh3 Ng4 37. Bxg4 Qxg4 38. Rg1 Qh4 39. Qd7 Re7 40. Qd6 Be4 41. c3 Kh7
42. Rg3 Rff7 43. cxd4 Bb7 44. Bc3 Re2 45. Qg6+ Kh8 46. Qg8# 1-0